| 000 | 00414cam a2200181 4500 | ||
|---|---|---|---|
| 001 | D3091 | ||
| 008 | 090401t1979 xxu||||| |||| 00| 0 eng d | ||
| 035 | _a(Sirsi) u71829 | ||
| 041 | _aeng | ||
| 050 | _a692.3 | ||
| 110 |
_aDearle and Henderson _93128 |
||
| 245 | _aSMM6 handbook | ||
| 260 |
_aLondon _bGranada Publishing Co _c1979 |
||
| 300 | _a129p. 23cm | ||
| 350 | _a5 | ||
| 942 | _n0 | ||
| 948 | _c04/03/1997 | ||
| 999 |
_c95445 _d95445 |
||